About myself.

Bibliographic Details
Main Author: Harner, Nevin Cowger, 1901-1951
Format: Book
Language:English
Published: [Philadelphia] : Christian Education Press, [1950]
Subjects:

MARC

Tag First Indicator Second Indicator Subfields
LEADER 00000cam a2200000 4500
001 in00000058458
005 20151007082305.0
008 760401s1950 xx 00000 eng
010 |a  50004779  
035 |a (OCoLC)02084022 
035 |9 AAF7654AM 
040 |a DLC  |c DEF  |d TXA  |d UtOrBLW 
049 |a TXAM  |c [188252] 
050 0 |a BJ1661  |b .H23 
082 0 |a 173.6 
092 |a 173.6  |b H289a 
100 1 |a Harner, Nevin Cowger,  |d 1901-1951. 
245 1 0 |a About myself. 
264 1 |a [Philadelphia] :  |b Christian Education Press,  |c [1950] 
300 |a 133 pages ;  |c 21 cm. 
336 |a text  |b txt  |2 rdacontent 
337 |a unmediated  |b n  |2 rdamedia 
338 |a volume  |b nc  |2 rdacarrier 
650 0 |a Youth. 
650 0 |a Conduct of life. 
999 |a MARS 
999 f f |s 19ca3e69-88b4-3226-9aed-2ca4f23a0ad7  |i bf013acf-5d48-3c63-ac2b-11464f2dda76  |t 0 
952 f f |p ric  |a Texas A&M University  |b Rellis Campus  |c Joint Library Facility  |d Remote Storage  |t 0  |e BJ1661 .H23  |h Library of Congress classification  |i unmediated -- volume  |m A14800535468 
998 f f |a BJ1661 .H23  |t 0  |l Remote Storage